00371nam a2200121Ia 4500008004100000020001800041100002200059245003900081260003900120650001200159650003300171856004500204171212s9999 xx 000 0 und d a9780874212426 aSchindler, Harold cSchindler, HaroldaIn Another Time bUniversity Press of Coloradoc1998 aHistory aUtah -- History -- Anecdotes uwww.jstor.org/stable/10.2307/j.ctt46nsdj